UBT Library

The student pilot's flight manual : (Record no. 42615)

000 -LEADER
fixed length control field 00890cam a2200241 a 4500
001 - CONTROL NUMBER
control field 12307504
005 - DATE AND TIME OF LATEST TRANSACTION
control field 20180215043716.0
008 - FIXED-LENGTH DATA ELEMENTS--GENERAL INFORMATION
fixed length control field 010212s2001 iaua bf s001 0 eng
010 ## - LIBRARY OF CONGRESS CONTROL NUMBER
LC control number 2001016995
020 ## - INTERNATIONAL STANDARD BOOK NUMBER
International Standard Book Number 0813811538 (alk. paper)
035 ## - SYSTEM CONTROL NUMBER
System control number (OCoLC)ocm45958219
040 ## - CATALOGING SOURCE
Original cataloging agency DLC
Transcribing agency DLC
Modifying agency OCL
-- C#P
-- DLC
041 ## - LANGUAGE CODE
Language code of text/sound track or separate title eng
080 ## - UNIVERSAL DECIMAL CLASSIFICATION NUMBER
Universal Decimal Classification number 629.13252 KER
082 00 - DEWEY DECIMAL CLASSIFICATION NUMBER
Classification number 629.13252 KER
Edition number 21
100 1# - Rafti
Rafti 27
101 ## - Shkurtesa
Shkurtesa IM
245 14 - TITLE STATEMENT
Title The student pilot's flight manual :
Statement of responsibility, etc William K. Kershner.
504 ## - BIBLIOGRAPHY, ETC. NOTE
Bibliography, etc Includes bibliographical references and index.
906 ## - LOCAL DATA ELEMENT F, LDF (RLIN)
a 7
b cbc
c orignew
d 1
e ocip
f 20
g y-gencatlg
942 ## - ADDED ENTRY ELEMENTS (KOHA)
Source of classification or shelving scheme
Item type Books
Holdings
Withdrawn status Lost status Source of classification or shelving scheme Damaged status Not for loan Collection code Permanent location Current location Shelving location Date acquired Total Checkouts Full call number Barcode Date last seen Price effective from Koha item type
          Koleksioni i përgjithshem UBT - Lipjan UBT - Lipjan Koleksioni i përgjithshem 02/15/2018   629.13252 KER 002-2997395 02/15/2018 02/15/2018 Books
UBT Library © 2015-2024. All rights reserved University Education for Business and Technology